Nacidos bajo el signo de Saturno: genio y temperamento de los artistas desde la Antigüedad hasta la Revolución Francesa

Uloženo v:
Podrobná bibliografie
Hlavní autoři: Wittkower, Rudolf (Autor), Wittkower, Margot (Autor)
Médium: Kniha
Jazyk:španělština
Vydáno: Madrid Cátedra 1985
Vydání:2a. ed
Témata:
Tagy: Přidat tag
Žádné tagy, Buďte první, kdo vytvoří štítek k tomuto záznamu!

MARC

LEADER 00000nam a2200000 a 4500
001 UCG5028
003 CL-VaPUC
008 101230e19850000SP |||||||||||||||||spa|d
020 |a 8437603250 
082 0 4 |a 709.22  |b WIT  |2 21 
100 0 |a Wittkower, Rudolf  |e author  |9 554563 
700 0 |a Wittkower, Margot  |e author  |9 554564 
245 1 0 |a Nacidos bajo el signo de Saturno: genio y temperamento de los artistas desde la Antigüedad hasta la Revolución Francesa 
250 |a 2a. ed 
300 |a 304 p 
942 |c BK 
945 |d 20101230 00:00:00  |a dcastane 
260 |a Madrid  |b Cátedra  |c 1985 
650 0 |a Artistas   |v Psicología   |9 268883 
650 0 |a Artistas   |v Anécdotas   |9 554565 
583 |a last modification  |c 20101230 00:00:00  |k Rodrigo Vera 
999 |c 343602  |d 343600 
952 |0 0  |1 0  |4 0  |6 709_220000000000000_WIT_1985  |7 0  |8 A  |9 441037  |a BIBEDU  |b BIBEDU  |d 2019-11-22  |i 4740521  |o 709.22 WIT 1985  |p 4740521  |r 2019-11-22  |w 2019-11-22  |y BK  |k FIL